Non-Occurring Mario Kart Tracks - Statistics

General Stats
  • This quiz has been taken 10 times
  • The average score is 18 of 23
Answer Stats
Appears in Cup Answer % Correct
Wii Special Dry Dry Ruins
100%
DS Mushroom Figure-8 Circuit
100%
Super Circuit Special Broken Pier
89%
DS Special DS Rainbow Road
89%
Wii Mushroom Luigi Circuit
89%
Double Dash!! Star Mushroom City
89%
Double Dash!! Special Wario Colosseum
89%
Wii Special Wii Bowser's Castle
89%
Super Circuit Star Yoshi Desert
89%
DS Special Bowser Castle
78%
Super Circuit Special Bowser Castle 4
78%
Super Circuit Lightning Cheep-Cheep Island
78%
7 Mushroom Cheep Cheep Lagoon
78%
7 Mushroom Daisy Hills
78%
Super Circuit Special GBA Rainbow Road
78%
Double Dash!! Special GCN Bowser's Castle
78%
Double Dash!! Special GCN Rainbow Road
78%
7 Star Maka Wuhu
78%
7 Flower Wuhu Loop
78%
7 Special 3DS Bowser's Castle
67%
Super Circuit Special Lakeside Park
67%
7 Flower 3DS Mario Circuit
44%
Wii Mushroom Wii Mario Circuit
44%
No matching quizzes found
Score Distribution
Percent of People with Each Score
Percentile by Number Answered
Your Score History
You have not taken this quiz